000 00587nam a2200205Ia 4500
005 20250923144939.0
008 008 250917s9999 xx 000 0 eng d
037 _aTextual
040 _aDSWL
_beng
_cDSWL
041 _aeng
_2eng
084 _aY31:7:7.252, N58;3
_qDSWL
100 _aDube, S.C.
_9830150
245 0 _aIndia's changing villages
_cby S.C. Dube
260 _aLondon
_bRoutledge & Kagan Paul Ltd.
_c1958
300 _aXII,243 p.
365 _aINR
_b25
925 _g25
942 _cTEXL
_hY31:7:7.252, N58;3
999 _c1445279
_d1445279